| 000 | 01214nam a22003497a 4500 | ||
|---|---|---|---|
| 003 | CHAP | ||
| 005 | 20220817041203.0 | ||
| 008 | 971013s1987 r 10010 d | ||
| 010 | _a8226 | ||
| 011 | _a9198 | ||
| 035 | _a8432 | ||
| 040 | _cCHAP | ||
| 082 |
_a338.19 _bS44 |
||
| 111 | 0 | 0 |
_aSeminario Internacional Empresas Públicas y Sistemas de Distribución de Productos Básicos ( _d1986 _c: México,D.F.) _9104135 |
| 245 | _aMemoria | ||
| 260 |
_aMéxico, D.F. : _bEl Centro, _c1987 |
||
| 300 | _a202 p. | ||
| 590 |
_aBATCH-UPD _b10 _c20130110 _lUCH01 _h0034 |
||
| 590 |
_aBATCH-UPD _b10 _c20130110 _lUCH01 _h1635 |
||
| 590 |
_aBATCH-UPD _b10 _c20130409 _lUCH01 _h2017 |
||
| 590 |
_aBATCH-UPD _b10 _c20130410 _lUCH01 _h1026 |
||
| 590 |
_aBATCH-UPD _b10 _c20130914 _lUCH01 _h0121 |
||
| 590 |
_aCONVERSION _b10 _c20130109 _lUCH01 _h1306 |
||
| 650 | 1 | 4 |
_aAlimentos _xAbastecimiento. |
| 650 | 1 | 4 |
_aPolítica alimentaria _xMéxico. _990410 |
| 650 | 1 | 4 |
_aProductos agrícolas _xMercadeo. _991951 |
| 710 | _aCONASUPO | ||
| 710 | 0 |
_aCentro de Investigación y Docencia Económicas. México. _921156 |
|
| 901 | _aBK | ||
| 942 | _cLIBRO | ||
| 949 |
_a338.19 S44 _bBC _cLIBRO _d33724000415808 _eLIBRO _gI. c/e _h83545 _i8432 _si _t16.00 |
||
| 999 |
_c8226 _d8226 |
||